South African Provincial Capitals - Statistics

General Stats
  • This quiz has been taken 14 times
  • The average score is 5 of 9
Answer Stats
Province Capital % Correct
Western Cape Cape Town
100%
Gauteng Johannesburg
92%
Free State Bloemfontein
67%
KwaZulu-Natal Pietermaritzburg
58%
Northern Cape Kimberley
50%
Limpopo Polokwane
42%
Mpumalanga Mbombela
33%
North West Mahikeng
25%
Eastern Cape Bisho
17%
No matching quizzes found
Score Distribution
Percent of People with Each Score
Percentile by Number Answered
Your Score History
You have not taken this quiz